[Event "Oakville Winter op U2100"]
[Site "Oakville CAN"]
[Date "2019.01.27"]
[Round "5.12"]
[White "Zhao, Jeffrey Renfei"]
[Black "Chakkoli, Shiva"]
[Result "1/2-1/2"]
[WhiteElo "2052"]
[BlackElo "1862"]
[PlyCount "75"]
[EventDate "2019.01.25"]
[EventType "swiss"]
[EventRounds "5"]
[EventCountry "CAN"]

1. e4 e5 2. Nf3 Nc6 3. Bc4 Bc5 4. c3 Nf6 5. d3 h6 6. Nbd2 O-O 7. O-O a6 8. Bb3
d5 9. exd5 Nxd5 10. Re1 Nf4 11. Ne4 Nxd3 12. Nxc5 Nxc5 13. Nxe5 Qxd1 14. Bxd1
Re8 15. Nf3 Bg4 16. Be3 Nd3 17. Re2 Nde5 18. Rd2 Nxf3+ 19. gxf3 Bh3 20. Be2 Re6
21. Kh1 Rg6 22. Rg1 Rxg1+ 23. Kxg1 Re8 24. Bf1 Bxf1 25. Kxf1 Rd8 26. Rxd8+ Nxd8
27. Ke2 f5 28. Kd3 Kf7 29. Kc4 Ke6 30. Bf4 Kd7 31. Kd5 Nf7 32. c4 b6 33. c5 c6+
34. Kd4 b5 35. h4 g5 36. hxg5 hxg5 37. Bd2 Ke6 38. f4 1/2-1/2

[Event "Oakville Winter op U2100"]
[Site "Oakville CAN"]
[Date "2019.01.27"]
[Round "5.13"]
[White "Hasku, Dashnor"]
[Black "Xie, Austin"]
[Result "1-0"]
[WhiteElo "1824"]
[BlackElo "1854"]
[PlyCount "61"]
[EventDate "2019.01.25"]
[EventType "swiss"]
[EventRounds "5"]
[EventCountry "CAN"]

1. e4 e6 2. d4 d5 3. Nc3 Nf6 4. e5 Nfd7 5. f4 c5 6. Nf3 Nc6 7. Be3 Qb6 8. Rb1
cxd4 9. Nxd4 Bc5 10. Nce2 Qa5+ 11. c3 Nxd4 12. Nxd4 Qxa2 13. Bd3 Nb6 14. O-O
Nc4 15. Bc1 Bd7 16. b3 Nb6 17. Rf2 Bxd4 18. cxd4 Qa5 19. f5 O-O-O 20. Bd2 Qa3
21. Ra1 Qe7 22. Rxa7 Kb8 23. Qa1 exf5 24. Qa5 Qe6 25. Bxf5 Qc6 26. e6 Bxe6 27.
Bf4+ Rd6 28. Rc2 Qd7 29. Qxb6 Bxf5 30. Bxd6+ Qxd6 31. Qxb7# 1-0

[Event "Oakville Winter op U2100"]
[Site "Oakville CAN"]
[Date "2019.01.27"]
[Round "5.14"]
[White "Qiao, Joey"]
[Black "Brajkovic, Nikola"]
[Result "0-1"]
[WhiteElo "1702"]
[BlackElo "1992"]
[Annotator ",Microsoft"]
[PlyCount "52"]
[EventDate "2019.01.25"]
[EventType "swiss"]
[EventRounds "5"]
[EventCountry "CAN"]

1. e4 e5 2. Nf3 d6 3. d4 exd4 4. Nxd4 Nf6 5. Nc3 Be7 6. Bc4 O-O 7. O-O c6 8.
Bd3 Bg4 9. Be2 Bxe2 10. Qxe2 Re8 11. Qf3 Nbd7 12. Bf4 Ne5 13. Bxe5 dxe5 14. Nf5
Bf8 15. Rad1 Qc7 16. a4 Re6 17. Qg3 g6 18. Ne3 Bb4 19. Ng4 Nh5 20. Qe3 a5 21.
Ne2 b6 22. h3 Rf8 23. Nh2 Kg7 24. Nf3 h6 25. h4 Nf6 26. Nh2 Qe7 {
etc. (65 moves)} 0-1

[Event "Oakville Winter op U2100"]
[Site "Oakville CAN"]
[Date "2019.01.27"]
[Round "5.15"]
[White "Gunapalan, David"]
[Black "Xiang, Christopher"]
[Result "0-1"]
[WhiteElo "2012"]
[BlackElo "1700"]
[Annotator ",Microsoft"]
[PlyCount "52"]
[EventDate "2019.01.25"]
[EventType "swiss"]
[EventRounds "5"]
[EventCountry "CAN"]

1. e4 c5 2. Nc3 d6 3. f4 g6 4. Bc4 Bg7 5. Nf3 e6 6. O-O Ne7 7. d3 Nbc6 8. Qe1
Nd4 9. Nxd4 cxd4 10. Bb5+ Bd7 11. Bxd7+ Qxd7 12. Ne2 Rc8 13. f5 gxf5 14. exf5
Nxf5 15. Rxf5 exf5 16. Nf4+ Qe7 17. Qg3 Be5 18. Bd2 Kd7 19. Qf3 Rb8 20. Nd5 Qe6
21. Re1 Qg6 22. Bf4 Rhe8 23. Qf2 Bxf4 24. Nxf4 Rxe1+ 25. Qxe1 Qf6 26. Qa5 Qe5 {
etc. (33 moves).} 0-1

[Event "Ontario High School-ch"]
[Site "Toronto CAN"]
[Date "2019.04.05"]
[Round "1"]
[White "Liu, Lambert"]
[Black "Wong, Thomas"]
[Result "0-1"]
[WhiteElo "2228"]
[BlackElo "1767"]
[PlyCount "72"]
[EventDate "2019.04.05"]
[EventType "swiss"]
[EventRounds "5"]
[EventCountry "CAN"]

1. e4 e5 2. Nf3 Nc6 3. Bc4 Bc5 4. c3 Nf6 5. d3 d6 6. Bb3 O-O 7. h3 Be6 8. Nbd2
d5 9. O-O dxe4 10. dxe4 Qe7 11. Qe2 Rad8 12. Re1 a6 13. Nf1 Rd7 14. Ng3 h6 15.
Nh4 Rfd8 16. Nhf5 Qf8 17. Bc2 Ne7 18. Qf3 Nxf5 19. Nxf5 c6 20. Nxh6+ gxh6 21.
Qxf6 Qg7 22. Qh4 Kh7 23. b4 Rg8 24. g4 Be7 25. Qh5 c5 26. bxc5 Bxc5 27. Be3
Bxe3 28. Rxe3 Rd2 29. Bb3 Qf6 30. Rf1 Rb2 31. Bxe6 fxe6 32. Kg2 Rf8 33. g5
Rxf2+ 34. Rxf2 Qxf2+ 35. Kh1 Qf1+ 36. Kh2 Rf2+ 0-1

[Event "Ontario High School-ch"]
[Site "Toronto CAN"]
[Date "2019.04.05"]
[Round "2"]
[White "Xu, Jeffrey"]
[Black "Wu, Constance"]
[Result "1-0"]
[WhiteElo "2264"]
[BlackElo "1968"]
[PlyCount "51"]
[EventDate "2019.04.05"]
[EventType "swiss"]
[EventRounds "5"]
[EventCountry "CAN"]

1. e4 c5 2. Nf3 d6 3. Bd3 Nc6 4. c3 e5 5. Bc2 Nf6 6. h3 g6 7. d3 Bg7 8. Nbd2
O-O 9. a4 d5 10. O-O b6 11. Re1 Bb7 12. Nf1 d4 13. Bg5 Qc7 14. Rc1 a6 15. cxd4
cxd4 16. Bb3 Qd7 17. N1d2 Nh5 18. Nc4 Qc7 19. Bd2 Qd8 20. Na3 Rc8 21. Bd5 Ba8
22. Nc4 Re8 23. Qb3 Qc7 24. Nxb6 Bb7 25. Nxc8 Rxc8 26. Rc2 1-0

[Event "Ontario op"]
[Site "Oakville CAN"]
[Date "2019.05.18"]
[Round "1.1"]
[White "Rusonik, Max"]
[Black "Preotu, Razvan"]
[Result "1/2-1/2"]
[WhiteElo "2216"]
[BlackElo "2637"]
[PlyCount "64"]
[EventDate "2019.05.18"]
[EventType "swiss"]
[EventRounds "6"]
[EventCountry "CAN"]

1. e4 c5 2. Nf3 d6 3. d4 cxd4 4. Nxd4 Nf6 5. Nc3 a6 6. Bg5 Nbd7 7. Qe2 h6 8.
Bh4 g6 9. f4 e5 10. Nf3 Be7 11. fxe5 dxe5 12. O-O-O Qc7 13. Qc4 Qb6 14. Bxf6
Nxf6 15. Nxe5 Be6 16. Qa4+ Kf8 17. Bc4 Kg7 18. Qb3 Qxb3 19. Bxb3 Bxb3 20. axb3
Rae8 21. Nf3 Rd8 22. Nd5 Bd6 23. Nxf6 Bf4+ 24. Kb1 Kxf6 25. c3 Rhe8 26. Rxd8
Rxd8 27. Kc2 Re8 28. Re1 h5 29. Kd3 Rd8+ 30. Kc2 Re8 31. Kd3 Rd8+ 32. Kc2 Re8
1/2-1/2

[Event "Ontario op"]
[Site "Oakville CAN"]
[Date "2019.05.18"]
[Round "1.3"]
[White "Gaisinsky, Adam"]
[Black "Krnan, Tomas"]
[Result "1-0"]
[WhiteElo "2172"]
[BlackElo "2515"]
[PlyCount "219"]
[EventDate "2019.05.18"]
[EventType "swiss"]
[EventRounds "6"]
[EventCountry "CAN"]

1. e4 e5 2. Nf3 Nc6 3. Bb5 a6 4. Ba4 Nf6 5. O-O Be7 6. Re1 b5 7. Bb3 O-O 8. d3
d6 9. c3 Na5 10. Bc2 c5 11. Nbd2 Be6 12. Nf1 Nc6 13. Ng3 h6 14. h3 Rc8 15. Be3
d5 16. d4 cxd4 17. cxd4 exd4 18. Bxd4 dxe4 19. Nxe4 Nxd4 20. Nxd4 Bd5 21. Nc3
Bb4 22. Re3 Bc5 23. Rd3 Qb6 24. Nxd5 Nxd5 25. Bb3 Nb4 26. Rd2 Rcd8 27. Nf3
Bxf2+ 28. Kh1 Be3 29. Rxd8 Rxd8 30. Qe2 Nd3 31. Rf1 Nf2+ 32. Kh2 Re8 33. g3 Ne4
34. Nh4 Ng5 35. Qg4 Qd4 36. Qf5 Qxb2+ 37. Ng2 Qf6 38. Qxf6 gxf6 39. Rxf6 Kg7
40. Rxa6 Nf3+ 41. Kh1 Bf2 42. Nf4 Ng5 43. Kg2 Bd4 44. h4 Ne4 45. Nh5+ Kh7 46.
Bxf7 Nc5 47. Bxe8 Nxa6 48. Bxb5 Nc5 49. Nf4 Kg7 50. a4 Bc3 51. Kf3 Ba5 52. Kg4
Be1 53. Ne2 Kf6 54. Nd4 Ne4 55. Nc6 Nxg3 56. a5 h5+ 57. Kh3 Ne4 58. a6 Bf2 59.
a7 Bxa7 60. Nxa7 Nd6 61. Bd3 Nf7 62. Nb5 Ne5 63. Be4 Ng4 64. Kg3 Ke5 65. Bf3
Ne3 66. Bxh5 Nf5+ 67. Kg4 Nxh4 68. Kxh4 Ke4 69. Kg5 Kd3 70. Kf4 Kc4 71. Be2+
Kd5 72. Bd3 Ke6 73. Bc4+ Kf6 74. Nd4 Kg6 75. Ke5 Kg5 76. Be6 Kg6 77. Nf3 Kg7
78. Kf5 Kh6 79. Kf6 Kh5 80. Ne5 Kh4 81. Kf5 Kg3 82. Kg5 Kf2 83. Kf4 Ke2 84. Ke4
Kd2 85. Kd4 Kc2 86. Nf3 Kb2 87. Kc4 Kc2 88. Bf5+ Kb2 89. Nd4 Ka2 90. Kc3 Ka1
91. Nb3+ Ka2 92. Bd3 Ka3 93. Bb1 Ka4 94. Nd4 Ka5 95. Be4 Kb6 96. Ne6 Kb5 97.
Bd5 Ka4 98. Nd4 Ka3 99. Nb5+ Ka4 100. Kc4 Ka5 101. Kc5 Ka4 102. Bc4 Ka5 103.
Bb3 Ka6 104. Nd6 Ka5 105. Nb7+ Ka6 106. Kc6 Ka7 107. Bc4 Ka8 108. Kc7 Ka7 109.
Nd6 Ka8 110. Bb5 1-0

[Event "Ontario op"]
[Site "Oakville CAN"]
[Date "2019.05.18"]
[Round "1.4"]
[White "Plotkin, Mark"]
[Black "Aniunoh, Chike"]
[Result "1-0"]
[WhiteElo "2512"]
[BlackElo "2161"]
[PlyCount "117"]
[EventDate "2019.05.18"]
[EventType "swiss"]
[EventRounds "6"]
[EventCountry "CAN"]

1. d4 Nf6 2. Nf3 g6 3. c4 c5 4. d5 b5 5. a4 bxc4 6. Nc3 d6 7. e4 Bg7 8. Bxc4
Ba6 9. Qe2 Bxc4 10. Qxc4 O-O 11. O-O Nfd7 12. Bg5 h6 13. Be3 Qa5 14. Qb5 Qb4
15. Rfe1 a6 16. Qe2 Nb6 17. a5 Nc4 18. Ra4 Qxb2 19. Rxc4 Bxc3 20. Qxb2 Bxb2 21.
Bxh6 Bg7 22. Bxg7 Kxg7 23. e5 Ra7 24. e6 fxe6 25. Rxe6 Rf5 26. Rg4 Rf6 27. Rge4
Rxe6 28. Rxe6 c4 29. Kf1 c3 30. Ke2 Rc7 31. Kd1 Rc5 32. Kc2 Kf8 33. Rxg6 Rxd5
34. Rg5 Rxg5 35. Nxg5 Nc6 36. Ne6+ Kf7 37. Nc7 Nxa5 38. Kxc3 Nc6 39. Nxa6 Ne5
40. h3 Ng6 41. g3 Ne5 42. Kd4 Nf3+ 43. Ke3 Ng5 44. h4 Nh7 45. g4 Nf6 46. f3 e5
47. Nc7 d5 48. g5 d4+ 49. Kd3 Nd7 50. h5 Nc5+ 51. Kd2 e4 52. g6+ Kf8 53. fxe4
Nxe4+ 54. Kd3 Ng3 55. h6 Nf5 56. Ne6+ Kg8 57. h7+ Kh8 58. Ng5 Nh6 59. Nf7+ 1-0

[Event "Ontario op"]
[Site "Oakville CAN"]
[Date "2019.05.18"]
[Round "1.6"]
[White "Rek, Slava"]
[Black "Loadman, Ian"]
[Result "1-0"]
[WhiteElo "2330"]
[BlackElo "2119"]
[PlyCount "97"]
[EventDate "2019.05.18"]
[EventType "swiss"]
[EventRounds "6"]
[EventCountry "CAN"]

1. d4 Nf6 2. Nf3 g6 3. Bf4 Bg7 4. e3 d6 5. h3 O-O 6. Be2 c5 7. c3 b6 8. O-O Bb7
9. Nbd2 Nbd7 10. a4 a6 11. Bh2 Bc6 12. Bd3 Bb7 13. Qe2 Re8 14. Rfd1 Qc7 15. e4
e5 16. Nc4 b5 17. axb5 axb5 18. Rxa8 Bxa8 19. Nxd6 Qxd6 20. dxe5 Qb6 21. Bxb5
Bc6 22. Bxc6 Qxc6 23. exf6 Nxf6 24. e5 Nd7 25. Re1 Nf8 26. Nd2 Ne6 27. Nc4 Rb8
28. Bg3 h5 29. Qe4 Qxe4 30. Rxe4 Bh6 31. Kf1 Bc1 32. Re1 Bh6 33. Ra1 Bf8 34.
Ke2 Be7 35. Ra7 Kf8 36. Kd3 Bg5 37. Kc2 Be7 38. Bh2 Bg5 39. g4 hxg4 40. hxg4
Re8 41. Nd6 Re7 42. Ra8+ Kg7 43. Kd3 Rd7 44. Ke4 f6 45. f4 Bh4 46. f5 Ng5+ 47.
Ke3 fxe5 48. Bxe5+ Kh7 49. Rh8# 1-0

[Event "Ontario op"]
[Site "Oakville CAN"]
[Date "2019.05.18"]
[Round "1.7"]
[White "Zeng, Sheena"]
[Black "Ivanov, Mike"]
[Result "0-1"]
[WhiteElo "1578"]
[BlackElo "2327"]
[PlyCount "78"]
[EventDate "2019.05.18"]
[EventType "swiss"]
[EventRounds "6"]
[EventCountry "CAN"]

1. d4 Nf6 2. c4 c5 3. d5 e6 4. Nc3 exd5 5. cxd5 d6 6. Nf3 g6 7. Bf4 a6 8. a4
Bg7 9. h3 O-O 10. e3 Qe7 11. Be2 Nbd7 12. O-O Ne8 13. a5 Rb8 14. Nd2 Ne5 15.
Na4 Bd7 16. Nb6 Bb5 17. Bxe5 Bxe5 18. Ndc4 Bg7 19. Rb1 Nf6 20. Qc2 Ne4 21. Na3
Bxe2 22. Qxe2 f5 23. Rfe1 Rbe8 24. Nc2 g5 25. f3 Ng3 26. Qf2 Nh5 27. Red1 g4
28. f4 Nf6 29. Qe2 gxh3 30. gxh3 Ne4 31. Kh2 Bf6 32. Rf1 Bh4 33. Rf3 Kh8 34.
Rg1 Rg8 35. Ne1 Rxg1 36. Kxg1 Bxe1 37. Qxe1 Qg7+ 38. Kh1 Rg8 39. Qf1 Nd2 0-1

[Event "Ontario op"]
[Site "Oakville CAN"]
[Date "2019.05.18"]
[Round "1.8"]
[White "Issani, Nameer"]
[Black "Xu, Daniel"]
[Result "0-1"]
[WhiteElo "2262"]
[BlackElo "2077"]
[PlyCount "86"]
[EventDate "2019.05.18"]
[EventType "swiss"]
[EventRounds "6"]
[EventCountry "CAN"]

1. d4 Nf6 2. c4 g6 3. Nc3 Bg7 4. e4 d6 5. Nf3 O-O 6. Be2 e5 7. dxe5 dxe5 8.
Qxd8 Rxd8 9. Bg5 Re8 10. O-O-O h6 11. Bh4 Na6 12. Ne1 Be6 13. f3 c6 14. Bf2 Bf8
15. Nc2 Nd7 16. h4 Nb6 17. b3 Rad8 18. h5 g5 19. a3 Be7 20. Kb2 Bc5 21. Be3
Bxe3 22. Nxe3 Rd4 23. Nc2 Rdd8 24. a4 Kf8 25. a5 Nc8 26. b4 Nd6 27. c5 Nc8 28.
Ka3 Ke7 29. Bd3 Rd7 30. Bxa6 bxa6 31. Rxd7+ Kxd7 32. Ne3 Ke7 33. Rd1 Rd8 34.
Rxd8 Kxd8 35. Ne2 Ne7 36. Ng3 Kd7 37. Kb2 f6 38. Kc3 Ke8 39. Kd3 Kf7 40. Ngf5
Bxf5 41. exf5 Nd5 42. Nxd5 cxd5 43. g3 Ke7 0-1

[Event "Ontario op"]
[Site "Oakville CAN"]
[Date "2019.05.18"]
[Round "1.10"]
[White "Zhang, Henry"]
[Black "Xu, Eddie"]
[Result "1-0"]
[WhiteElo "2228"]
[BlackElo "2037"]
[PlyCount "69"]
[EventDate "2019.05.18"]
[EventType "swiss"]
[EventRounds "6"]
[EventCountry "CAN"]

1. e4 e5 2. Nf3 Nc6 3. d4 exd4 4. Nxd4 Nf6 5. Nxc6 bxc6 6. e5 Qe7 7. Qe2 Nd5 8.
c4 Ba6 9. b3 O-O-O 10. Bb2 f6 11. Qd2 Nb6 12. Nc3 Qxe5+ 13. Be2 Bb7 14. O-O Bd6
15. g3 Rde8 16. Rfe1 Qf5 17. Bd3 Qf3 18. Be4 Qg4 19. Qd3 Be5 20. Rad1 c5 21. a4
a5 22. f3 Qg5 23. Kg2 Qh5 24. Re2 Kb8 25. Rde1 d6 26. Bxb7 Kxb7 27. Qe4+ d5 28.
Nxd5 f5 29. Qh4 Qxh4 30. gxh4 Bxb2 31. Rxe8 Rxe8 32. Rxe8 Nxd5 33. cxd5 h6 34.
h5 Bf6 35. Kg3 1-0

[Event "Ontario op"]
[Site "Oakville CAN"]
[Date "2019.05.18"]
[Round "1.11"]
[White "Noor Ali, Aahil"]
[Black "Ademi, Sami"]
[Result "1/2-1/2"]
[WhiteElo "2019"]
[BlackElo "2182"]
[PlyCount "97"]
[EventDate "2019.05.18"]
[EventType "swiss"]
[EventRounds "6"]
[EventCountry "CAN"]

1. d4 Nf6 2. c4 g6 3. Nc3 d5 4. cxd5 Nxd5 5. e4 Nxc3 6. bxc3 Bg7 7. Bc4 O-O 8.
Ne2 c5 9. O-O cxd4 10. cxd4 Nc6 11. Be3 h6 12. Qd2 Kh7 13. Rfd1 Qa5 14. Rab1
Qxd2 15. Rxd2 Na5 16. Bd3 a6 17. d5 b5 18. Rc2 e6 19. Nf4 exd5 20. Nxd5 Bb7 21.
Bc5 Rg8 22. h4 h5 23. f4 Bxd5 24. exd5 Rac8 25. Kh2 Nc4 26. Bxc4 Rxc5 27. Bb3
Rxc2 28. Bxc2 Rc8 29. Bb3 Bf8 30. Rf1 Bd6 31. g3 Rc3 32. Rf2 a5 33. Rc2 Rd3 34.
Rc6 a4 35. Rxd6 axb3 36. axb3 Rxb3 37. Rb6 Kg7 38. d6 Kf6 39. d7+ Ke7 40. Rb7
Rb2+ 41. Kg1 Kd8 42. Kh1 b4 43. Kg1 b3 44. Kh1 Ke7 45. Kg1 f6 46. Kh1 Rd2 47.
Rxb3 Ke6 48. d8=Q Rxd8 49. Kg2 1/2-1/2

[Event "Ontario op"]
[Site "Oakville CAN"]
[Date "2019.05.18"]
[Round "2.1"]
[White "Chen, Max"]
[Black "Sambuev, Bator"]
[Result "1/2-1/2"]
[WhiteElo "2249"]
[BlackElo "2555"]
[PlyCount "109"]
[EventDate "2019.05.18"]
[EventType "swiss"]
[EventRounds "6"]
[EventCountry "CAN"]

1. e4 c5 2. Nf3 Nc6 3. Bb5 e6 4. O-O Nge7 5. c3 a6 6. Be2 d5 7. exd5 Nxd5 8. d4
Be7 9. dxc5 Bxc5 10. Nbd2 O-O 11. Nb3 Ba7 12. Bd3 h6 13. Bc2 e5 14. Re1 Re8 15.
Nbd2 Nf4 16. Nc4 Qxd1 17. Rxd1 Ne2+ 18. Kf1 Nxc1 19. Nd6 Re7 20. Nxc8 Rxc8 21.
Raxc1 e4 22. Nd2 e3 23. fxe3 Ne5 24. Re1 Rd8 25. Rcd1 g6 26. h3 Kg7 27. Kf2 f5
28. g3 h5 29. b3 Nd3+ 30. Bxd3 Rxd3 31. Nf1 Rxc3 32. Rc1 Rc5 33. Rxc5 Bxc5 34.
Rc1 b6 35. Kf3 Kf6 36. Rc4 a5 37. g4 fxg4+ 38. hxg4 h4 39. Re4 Rd7 40. Rf4+ Kg5
41. Ke2 Re7 42. Kf3 Rd7 43. Ke2 h3 44. Nh2 Bxe3 45. Kxe3 Rd3+ 46. Ke4 Rd4+ 47.
Kxd4 Kxf4 48. g5 b5 49. a3 Kg3 50. Ke3 a4 51. b4 Kg2 52. Ke2 Kxh2 53. Kf2 Kh1
54. Kf1 h2 55. Kf2 1/2-1/2

[Event "Ontario op"]
[Site "Oakville CAN"]
[Date "2019.05.18"]
[Round "2.2"]
[White "Zhang, Henry"]
[Black "Plotkin, Mark"]
[Result "0-1"]
[WhiteElo "2228"]
[BlackElo "2512"]
[PlyCount "110"]
[EventDate "2019.05.18"]
[EventType "swiss"]
[EventRounds "6"]
[EventCountry "CAN"]

1. e4 g6 2. d4 Bg7 3. Nc3 d6 4. f4 Nf6 5. Nf3 O-O 6. Bd3 Nc6 7. e5 dxe5 8. fxe5
Nd5 9. Be4 Nxc3 10. bxc3 f6 11. exf6 exf6 12. O-O Ne7 13. Ba3 Re8 14. Re1 c6
15. Qe2 Be6 16. Bd3 Nd5 17. Qd2 Nb6 18. Qf2 Qd7 19. Bc1 Bd5 20. Bd2 Nc4 21.
Bxc4 Bxc4 22. Be3 b5 23. Nd2 Bd5 24. a4 Re7 25. Nb3 Rae8 26. Nc5 Qd6 27. Bd2
Bf8 28. axb5 cxb5 29. Rxa7 Rxe1+ 30. Bxe1 Bc4 31. Nd3 Qb8 32. Ra1 Bd6 33. g3
Bd5 34. Bd2 Ba8 35. Bf4 Rd8 36. Qe3 Kf7 37. Re1 Qb7 38. Qe6+ Kg7 39. d5 Qxd5
40. Qxd5 Bxd5 41. Bxd6 Rxd6 42. Re7+ Kh6 43. Kf2 g5 44. Ke3 Bc4 45. Ke4 Kg6 46.
h4 h6 47. Re8 Kh5 48. Kf5 Bxd3+ 49. cxd3 Rxd3 50. Kxf6 Rxg3 51. hxg5 Rf3+ 52.
Kg7 hxg5 53. Re5 Rxc3 54. Rxb5 Rc6 55. Rb1 g4 0-1

[Event "Ontario op"]
[Site "Oakville CAN"]
[Date "2019.05.18"]
[Round "2.3"]
[White "Xu, Daniel"]
[Black "Rek, Slava"]
[Result "0-1"]
[WhiteElo "2077"]
[BlackElo "2330"]
[PlyCount "66"]
[EventDate "2019.05.18"]
[EventType "swiss"]
[EventRounds "6"]
[EventCountry "CAN"]

1. d4 Nf6 2. c4 d6 3. Nc3 Nbd7 4. Nf3 e5 5. e4 c6 6. Be2 Be7 7. O-O O-O 8. h3
Re8 9. Be3 a6 10. Rc1 Bf8 11. dxe5 dxe5 12. Qc2 b5 13. a3 b4 14. axb4 Bxb4 15.
Na4 c5 16. Nd2 Bb7 17. f3 Nh5 18. Rfd1 Qc7 19. Nc3 Bxc3 20. Qxc3 Nf4 21. Bf1 a5
22. Nb1 Ne6 23. Qa3 Nd4 24. Nc3 Reb8 25. Nb5 Qb6 26. Bf2 Bc6 27. Nxd4 cxd4 28.
Qd6 Qc5 29. Qxc5 Nxc5 30. f4 f6 31. fxe5 fxe5 32. Bg3 Re8 33. Bd3 Rab8 0-1

[Event "Ontario op"]
[Site "Oakville CAN"]
[Date "2019.05.18"]
[Round "2.4"]
[White "Ivanov, Mike"]
[Black "Gaisinsky, Adam"]
[Result "1-0"]
[WhiteElo "2327"]
[BlackElo "2172"]
[PlyCount "129"]
[EventDate "2019.05.18"]
[EventType "swiss"]
[EventRounds "6"]
[EventCountry "CAN"]

1. e4 e5 2. f4 d5 3. exd5 exf4 4. Nf3 Nf6 5. Be2 Bd6 6. c4 c6 7. dxc6 Nxc6 8.
d4 O-O 9. Nc3 b6 10. O-O Re8 11. Kh1 Ne7 12. Ne5 g5 13. Bf3 Rb8 14. Re1 Bf5 15.
Nb5 Bb4 16. Rf1 h6 17. Nxa7 Bd7 18. Nac6 Nxc6 19. Nxc6 Bxc6 20. Bxc6 Re7 21.
Qd3 Rc8 22. Bf3 Qd7 23. a3 Bd6 24. Bd2 Rce8 25. Rfe1 Rxe1+ 26. Rxe1 Rxe1+ 27.
Bxe1 g4 28. Bd1 Qe6 29. Qe2 Qf5 30. Bh4 h5 31. Bc2 f3 32. Bxf5 fxe2 33. Be1 Bf4
34. a4 Kf8 35. Bd3 Ke7 36. Bxe2 Ne4 37. Bd3 Nd2 38. b4 Nb3 39. c5 bxc5 40. bxc5
Nxd4 41. Ba6 Kd7 42. Bc4 Ne6 43. Bb5+ Kc7 44. Be8 Nxc5 45. Bxf7 Nxa4 46. Bxh5
g3 47. hxg3 Be3 48. Kh2 Kd6 49. Kh3 Ke5 50. Kg4 Kf6 51. Be8 Nc5 52. Bc3+ Ke7
53. Bc6 Ne6 54. Bd5 Bd4 55. Bxd4 Nxd4 56. Kg5 Kf8 57. Kf6 Ne2 58. g4 Nf4 59.
Be4 Kg8 60. g3 Ne2 61. g5 Nxg3 62. Bf3 Nf1 63. Bd5+ Kh8 64. g6 Ng3 65. g7+ 1-0

[Event "Ontario op"]
[Site "Oakville CAN"]
[Date "2019.05.18"]
[Round "2.6"]
[White "Hua, Eugene"]
[Black "Rusonik, Max"]
[Result "1-0"]
[WhiteElo "2412"]
[BlackElo "2216"]
[PlyCount "108"]
[EventDate "2019.05.18"]
[EventType "swiss"]
[EventRounds "6"]
[EventCountry "CAN"]

1. e4 e5 2. Nf3 Nc6 3. d4 exd4 4. Nxd4 Nf6 5. Nxc6 bxc6 6. e5 Qe7 7. Qe2 Nd5 8.
c4 Qb4+ 9. Nd2 Nf4 10. Qe4 Ne6 11. a3 Qe7 12. Be2 Bb7 13. Nb3 Rb8 14. O-O c5
15. Qd3 d6 16. Na5 Ba8 17. Bd1 Qd7 18. f4 Nd4 19. Re1 Be7 20. exd6 cxd6 21. Qe3
Qe6 22. Ba4+ Kf8 23. Bd2 Bf6 24. Bc3 g6 25. Qg3 Qf5 26. Re3 Kg7 27. Rae1 h5 28.
h4 Qg4 29. Qxg4 hxg4 30. Nb3 Rxh4 31. Re8 Rh8 32. Rxb8 Rxb8 33. Nd2 Bh4 34. Re3
f5 35. b4 Bf6 36. Kf2 Bc6 37. Bxc6 Nxc6 38. Bxf6+ Kxf6 39. b5 Nd4 40. Nb3 Nxb3
41. Rxb3 g5 42. fxg5+ Kxg5 43. Re3 Rb7 44. a4 f4 45. Re8 Rd7 46. a5 Kf5 47. a6
d5 48. cxd5 c4 49. Rc8 Rxd5 50. b6 Rd2+ 51. Ke1 Rxg2 52. bxa7 g3 53. a8=Q Rg1+
54. Ke2 Rg2+ 1-0

[Event "Ontario op"]
[Site "Oakville CAN"]
[Date "2019.05.18"]
[Round "2.7"]
[White "Ademi, Sami"]
[Black "Munro, Allan"]
[Result "0-1"]
[WhiteElo "2182"]
[BlackElo "2225"]
[PlyCount "62"]
[EventDate "2019.05.18"]
[EventType "swiss"]
[EventRounds "6"]
[EventCountry "CAN"]

1. e4 c6 2. Nc3 d5 3. d4 dxe4 4. Nxe4 Bf5 5. Ng3 Bg6 6. h4 h6 7. h5 Bh7 8. Nf3
e6 9. Bd3 Bxd3 10. Qxd3 Nf6 11. Bd2 c5 12. Rh4 Nc6 13. Qc4 Qd5 14. dxc5 Bxc5
15. Qxd5 Nxd5 16. a3 f5 17. Kf1 Be7 18. Rh3 Bf6 19. Re1 Kf7 20. b4 b5 21. Ne2
Rhd8 22. Nf4 e5 23. Ng6 e4 24. Nfh4 Nde7 25. Bc3 Rac8 26. g4 fxg4 27. Rg3 Nd5
28. Bxf6 Nxf6 29. Nf5 Rd5 30. Ngh4 Ne5 31. c3 Nxh5 0-1

[Event "Ontario op"]
[Site "Oakville CAN"]
[Date "2019.05.18"]
[Round "2.8"]
[White "Krnan, Tomas"]
[Black "Noor Ali, Aahil"]
[Result "1-0"]
[WhiteElo "2515"]
[BlackElo "2019"]
[PlyCount "103"]
[EventDate "2019.05.18"]
[EventType "swiss"]
[EventRounds "6"]
[EventCountry "CAN"]

1. e4 e5 2. Nf3 Nc6 3. Bb5 a6 4. Ba4 Nf6 5. O-O b5 6. Bb3 d6 7. a4 Bg4 8. c3
Be7 9. h3 Bh5 10. d3 O-O 11. Nbd2 b4 12. a5 bxc3 13. bxc3 d5 14. g4 dxe4 15.
dxe4 Bg6 16. Qe2 Bd6 17. Nh4 Kh8 18. Rd1 Qc8 19. f3 Na7 20. Bc4 Nc6 21. Nf1 Nd8
22. Nf5 Bxf5 23. exf5 Re8 24. Be3 Nd7 25. Ng3 Nc5 26. Ne4 Nxe4 27. fxe4 f6 28.
h4 g6 29. Rf1 gxf5 30. gxf5 Bf8 31. Kh2 Re7 32. Rg1 Bg7 33. Bh6 Nb7 34. Rxg7
Rxg7 35. Bxg7+ Kxg7 36. Rg1+ Kh8 37. Rg8+ Qxg8 38. Bxg8 Rxg8 39. Qxa6 Nd6 40.
Qc6 Rb8 41. a6 Rb2+ 42. Kg1 Ra2 43. c4 Ra1+ 44. Kf2 Ra2+ 45. Ke1 Ra1+ 46. Kd2
Nxe4+ 47. Qxe4 Rxa6 48. Qb7 Rd6+ 49. Kc3 Rd4 50. Qxc7 Rxh4 51. Qd8+ Kg7 52.
Qe7+ 1-0

[Event "Ontario op"]
[Site "Oakville CAN"]
[Date "2019.05.18"]
[Round "2.9"]
[White "Loadman, Ian"]
[Black "Issani, Nameer"]
[Result "0-1"]
[WhiteElo "2118"]
[BlackElo "2262"]
[PlyCount "94"]
[EventDate "2019.05.18"]
[EventType "swiss"]
[EventRounds "6"]
[EventCountry "CAN"]

1. e4 e5 2. Nf3 Nc6 3. Nc3 Nf6 4. Bb5 Bc5 5. O-O d6 6. d4 exd4 7. Nxd4 Bd7 8.
Nb3 Bb6 9. Bg5 Ne5 10. Be2 Be6 11. Nd4 h6 12. Nxe6 fxe6 13. Bh4 O-O 14. Kh1 Ng6
15. Bg3 e5 16. Na4 c6 17. Nxb6 axb6 18. Bd3 Qe7 19. Re1 h5 20. f3 h4 21. Bf2 b5
22. c4 bxc4 23. Bxc4+ Kh7 24. b4 Nh5 25. Be3 Ngf4 26. Bf1 Rad8 27. Qc2 Qg5 28.
Bd3 Rf6 29. a4 Rg6 30. Ra2 Qf6 31. Bxf4 Nxf4 32. Bf1 Ne6 33. Ra3 Rf8 34. Qd1
Nd4 35. Ree3 Qg5 36. Red3 Rgf6 37. Rdc3 Rf4 38. Rd3 Qf6 39. Be2 Kh8 40. Rac3 d5
41. exd5 cxd5 42. Bf1 h3 43. g3 Rxf3 44. Bxh3 e4 45. Rxd4 Rxc3 46. Rxd5 Qf3+
47. Qxf3 Rfxf3 0-1

[Event "Ontario op"]
[Site "Oakville CAN"]
[Date "2019.05.18"]
[Round "2.10"]
[White "Li, Eric M"]
[Black "Zeng, Sheena"]
[Result "0-1"]
[WhiteElo "2175"]
[BlackElo "1578"]
[PlyCount "164"]
[EventDate "2019.05.18"]
[EventType "swiss"]
[EventRounds "6"]
[EventCountry "CAN"]

1. d4 Nf6 2. Bf4 d5 3. e3 c5 4. c3 Qb6 5. Qb3 c4 6. Qc2 g6 7. Nd2 Bf5 8. Qc1
Nc6 9. Ngf3 Bg7 10. Be2 O-O 11. b3 cxb3 12. axb3 Nd7 13. O-O e5 14. Bg3 Rac8
15. Qa3 exd4 16. exd4 Rfe8 17. Rfe1 a6 18. Rac1 Nf6 19. Nh4 Bd7 20. Nhf3 Re6
21. Bd3 Rce8 22. Rxe6 Rxe6 23. Bf4 Bf8 24. Qa1 Nh5 25. Be3 Re8 26. c4 Nb4 27.
Bb1 Qd6 28. c5 Qc7 29. Qc3 Nc6 30. Bd3 Nf4 31. Bf1 Bg7 32. b4 Ne7 33. Ne5 Ne6
34. Ndf3 f6 35. Nxd7 Qxd7 36. Rb1 Nc7 37. Bf4 Nb5 38. Qd2 Nf5 39. h4 Re4 40.
Bd3 Re8 41. Qb2 Ne7 42. Ra1 Nc6 43. Bxb5 axb5 44. Qd2 f5 45. Rb1 Re4 46. Be3 f4
47. Bxf4 Nxd4 48. Nxd4 Rxd4 49. Qc1 Rc4 50. Qe3 Qf5 51. Qe8+ Bf8 52. Rf1 Qxf4
53. Qxb5 Rxb4 54. Qd7 Qf7 55. Qd8 Re4 56. Rd1 Re8 57. Qb6 Re2 58. Rf1 Rc2 59.
Qd8 Rxc5 60. h5 Qe7 61. Qb8 Rc6 62. Rb1 Re6 63. hxg6 hxg6 64. g3 Re1+ 65. Rxe1
Qxe1+ 66. Kg2 Qe4+ 67. Kg1 d4 68. Qa8 Qd5 69. Qe8 Kg7 70. Qe2 d3 71. Qd2 Qe4
72. Qc3+ Kh7 73. Qc7+ Bg7 74. Qd7 Qe1+ 75. Kg2 d2 76. Qh3+ Kg8 77. Qc8+ Bf8 78.
Qc4+ Kh7 79. Qc7+ Bg7 80. g4 Qe4+ 81. f3 Qe2+ 82. Kh3 d1=Q 0-1